01725nam a2200337 a 4500001001000000003000900010005001700019007000300036008004100039040003000080049000600110082002800116100004300144245009500187264004400282300002800326336002700354337003300381338002800414500006300442504006100505505043900566590002601005650005501031650005701086650005401143910003901197942001201236952012201248999001701370000016398DO-SdBPM20260203122255.0ta100304s1996 dr 000 0 spa d aDO-SdBPMbspacBPMSUdrda a  4a388.4131bA174c19962221 aAcevedo Pérez, Rafael4aut. eAutor 10aEn las calles el peligro habla :blos mensajes del espacio vial /cRafael Acevedo Pérez. aSanto Domingo :bEditora Taller,c1996. a152 páginas ;c23 cm. atextobtxt2rdacontent asin mediaciónbn2rdamedia avolumenbnc2rdacarrier aIncluye datos biográficos del autor en la contracubierta aIncluye referencias bibliográficas (Páginas 151-152) aEn territorio enemigo 25 -- Ordenes contradictorias 33 -- El piloto automático 41 -- Las barreras simbólicas 49 -- Diseño contranatura 57 -- El escenario vial 65 -- Violencia vial 79 -- La vigilancia y la seguridad vial 87 -- Conductor y líder 97 -- A la puerta de la percepción 105 -- Códigos espaciales y problemas de comunicación 113 -- La investigación y la reingeniería viales 131 -- Socilogía del espacio 143 aInventariado, 2026/VM 7a Accidentes de tránsito zRepública Dominicana 7aIngeniería del tránsitoz República Dominicana 7aSeñales del tránsito zRepública Dominicana aVMateo V. Cotrol de calidad. BPMSU 2ddccBK 00102ddc708CDaBPMETbBPMETd2026-02-03l0oBPMSU CD 388.4131 A174c1996pBPMSU26020021r2026-02-03w2026-02-03yBK c15659d15659